| 000 | 00584nam a22002177a 4500 | ||
|---|---|---|---|
| 003 | OSt | ||
| 005 | 20140310181927.0 | ||
| 008 | 130720t xxu||||| |||| 00| 0 eng d | ||
| 050 |
_aQA 95 _b.Sh562 2006 |
||
| 082 |
_aTR 510.7 _bSh9 2006 |
||
| 100 |
_aShulman, Mark _92413 |
||
| 245 |
_aInstant Math : _bFlip o matic / _cMark Shulman. |
||
| 260 |
_aNew York : _bKaplan, _cc2006. |
||
| 300 |
_a252 p. ; _bill. col. ; _c12 cm. |
||
| 521 | _aFaculty | ||
| 541 | _j1 | ||
| 562 | _e1 | ||
| 650 |
_aMathematics _9210 |
||
| 700 |
_aShulman, Mark _92414 |
||
| 942 |
_2lcc _cBK-TR _kTR |
||
| 999 |
_c7205 _d7205 |
||